Les pays contenant le plus de chrétiens (entre 90 % et 100 %) - Statistiques

Statistiques générales
  • Ce quiz a été pris 732 fois
    722 depuis la dernière actualisation
  • Le résultat moyen est 16 sur 40
Statistiques - réponses
Hint Réponse % Correct
100 % Vatican
87%
99,5 % Italie
84%
92,0 % Argentine
72%
92,4 % Mexique
68%
90,0% Colombie
62%
95,7 % Pologne
61%
98,0 % Venezuela
58%
95,0 % Saint-Marin
56%
98,0 % Grèce
54%
94,0 % Andorre
50%
96,9 % Paraguay
50%
97,0 % Bolivie
49%
94,1% Irlande
47%
99,0 % Roumanie
47%
99,0 % Équateur
46%
93,5 % Serbie
46%
92,6 % Croatie
44%
98,0 % Malte
42%
98,7% Arménie
41%
99,0 % Guatemala
40%
95,0 % Islande
38%
98,5 % Moldavie
31%
93,1 % Philippines
29%
97,0 % Cap-Vert
27%
96,3 % Bahamas
26%
92,2 % République dominicaine
26%
99,2 % Samoa
24%
98,4 % Tuvalu
24%
96,0 % Kiribati
23%
93,4 % Nauru
23%
99,0 % Grenade
22%
93,8 % Micronésie
21%
94,7 % Seychelles
21%
90,0 % Namibie
20%
93,6 % Rwanda
19%
95,9 % Salomon
19%
98,6 % Guinée équatoriale
17%
99,0 % Timor Oriental
17%
97,5 % Zambie
17%
90,7 % République démocratique du Congo
5%
Aucun quiz correspondant
Distribution des résultats
% des personnes avec chaque résultat
Percentile par nombre de réponses
Votre historique - résultats
Vous n’avez pas pris ce quiz depuis la dernière actualisation